000 01289njm a2200301 i 4500
001 4522
003 ES-MaACL
005 20240619063036.0
007 s|r|||||||||||
008 041130s1981 sp ||| g ||||||||1|nspa d
100 1 _aArenas, Juan María.
_922598
245 1 3 _aLa exportación española
_h[Grabación sonora] /
_cintervienen Juan María Arenas y Enrique Kaibel ; modera Camilo Lluch Sanz.
260 _aMadrid :
_bAteneo de Madrid,
_c1981.
300 _a2 discos (CD-DA) (1 h. 55 min. 36 seg.) ;
_c12 cm.
490 1 _aLa economía española y los problemas de hoy
500 _aDatos basados en invitación.
518 _aActo organizado por la Sección de Economía del Ateneo de Madrid, grabado en el salón de actos el martes 31 de marzo de 1981, a las 19:30 h.
610 2 4 _aAteneo de Madrid-
_xActos culturales-
_y1981-
_vGrabaciones sonoras.
_91893
650 1 4 _aExportación-
_zEspaña.
_912699
700 1 _aKaibel, Enrique.
_967431
700 1 _aLluch Sanz, Camilo.
_972968
710 2 _aAteneo de Madrid.
_bSección de Economía.
_91990
830 0 _aLa economía española y los problemas de hoy
_9176673
852 _aES-MaACL
_jROT 4/6/13
_94639
_cROT
852 _aES-MaACL
_jROT 4/6/14
_9203547
_cROT
942 _2udc
999 _c4522
_d4522